| 000 | 01490nam a2200385Ia 4500 | ||
|---|---|---|---|
| 001 | ebr10329965 | ||
| 003 | CaPaEBR | ||
| 006 | m u | ||
| 007 | cr cn||||||||| | ||
| 008 | 090225s2009 nyu s 001 0 eng d | ||
| 010 | _z 2009004232 | ||
| 020 | _z9781847062666 (hardback) | ||
| 020 | _z9781441152985 (e-book) | ||
| 040 |
_aCaPaEBR _cCaPaEBR |
||
| 035 | _a(OCoLC)471463062 | ||
| 050 | 1 | 4 |
_aPN1701.5 _b.D73 2009eb |
| 082 | 0 | 4 |
_a792.078/5 _222 |
| 245 | 0 | 0 |
_aDrama education with digital technology _h[electronic resource] / _cedited by Michael Anderson, John Carroll, and David Cameron. |
| 260 |
_aNew York, NY : _bContinuum International Pub. Group, _cc2009. |
||
| 300 | _axv, 234 p. | ||
| 490 | 0 | _aEducation and digital technology series | |
| 500 | _aIncludes index. | ||
| 533 |
_aElectronic reproduction. _bPalo Alto, Calif. : _cebrary, _d2009. _nAvailable via World Wide Web. _nAccess may be limited to ebrary affiliated libraries. |
||
| 650 | 0 |
_aDrama _xStudy and teaching _xAudio-visual aids. |
|
| 650 | 0 |
_aDrama _xComputer-assisted instruction. |
|
| 650 | 0 | _aDrama in education. | |
| 650 | 0 | _aComputer games. | |
| 650 | 0 | _aDigital electronics. | |
| 655 | 7 |
_aElectronic books. _2local |
|
| 700 | 1 |
_aAnderson, Michael, _d1969- |
|
| 700 | 1 |
_aCarroll, John, _cDr. |
|
| 700 | 1 | _aCameron, David. | |
| 710 | 2 | _aebrary, Inc. | |
| 856 | 4 | 0 |
_uhttp://site.ebrary.com/lib/rucke/Doc?id=10329965 _zAn electronic book accessible through the World Wide Web; click to view |
| 999 |
_c55412 _d55412 |
||